<?xml version="1.0" encoding="UTF-8"?>
<record
    xmlns:xsi="http://www.w3.org/2001/XMLSchema-instance"
    xsi:schemaLocation="http://www.loc.gov/MARC21/slim http://www.loc.gov/standards/marcxml/schema/MARC21slim.xsd"
    xmlns="http://www.loc.gov/MARC21/slim">

  <leader>04125nab a2200373 i 4500</leader>
  <controlfield tag="003">BR-BrBNA</controlfield>
  <controlfield tag="005">20240806134246.0</controlfield>
  <controlfield tag="008">240806b2017    bl.|r|pooa||| 00| 0 eng |</controlfield>
  <datafield tag="040" ind1=" " ind2=" ">
    <subfield code="a">BR-BrBNA</subfield>
    <subfield code="b">eng</subfield>
  </datafield>
  <datafield tag="072" ind1=" " ind2=" ">
    <subfield code="a">L74</subfield>
    <subfield code="b">5213</subfield>
  </datafield>
  <datafield tag="072" ind1=" " ind2=" ">
    <subfield code="a">L53</subfield>
  </datafield>
  <datafield tag="100" ind1=" " ind2=" ">
    <subfield code="a">Motta, G.A. </subfield>
  </datafield>
  <datafield tag="100" ind1=" " ind2=" ">
    <subfield code="a">Girardi, A.M. </subfield>
  </datafield>
  <datafield tag="100" ind1=" " ind2=" ">
    <subfield code="a">Sabes, A.F. </subfield>
  </datafield>
  <datafield tag="100" ind1=" " ind2=" ">
    <subfield code="a">Portugal, E.S. </subfield>
  </datafield>
  <datafield tag="100" ind1=" " ind2=" ">
    <subfield code="a">Nociti, R.P. </subfield>
  </datafield>
  <datafield tag="100" ind1=" " ind2=" ">
    <subfield code="a">Bueno, G.M. </subfield>
  </datafield>
  <datafield tag="100" ind1=" " ind2=" ">
    <subfield code="a">Marques, L.C. </subfield>
  </datafield>
  <datafield tag="245" ind1=" " ind2=" ">
    <subfield code="a">Clinical and radiographic changes of carpi, tarsi and interphalangeal joints of beef zebu bulls on semen collection regimen</subfield>
  </datafield>
  <datafield tag="500" ind1=" " ind2=" ">
    <subfield code="a">Publica&#xE7;&#xE3;o on-line;  27 ref.; 5 tables; 4 illus.; Summaries  (En, Pt)</subfield>
  </datafield>
  <datafield tag="520" ind1=" " ind2=" ">
    <subfield code="a">

ABSTRACT - Osteoarthritis and osteochondrosis are highly correlated to reproductive failure in bulls. This study aimed to evaluate the carpal, tarsal and interphalangeal lesions in beef zebu bulls on semen collection regimen. Twentyone beef cattle bulls, in a total of forty-one animals, were split into three age-based groups: animals from two to four years old (GI), from more than four to eight years old (GII) and above eight years old (GIII). The clinical findings were conformational changes of limbs, synovial effusion, peripheral venous engorgement of joints and prolonged decubitus. The total population showed moderate clinical manifestation and radiographic score. The GIII presented more severe joint lesions. Carpi and tarsi regions had discrete to difuse osteophytosis, subchondral cysts, cartilaginous flaps, bone incongruence and fragmentation, osteitis, and ankylosis. Interphalangeal joints presented osteophytosis, distal phalanx osteitis and enthesophytosis. The digital radiographic examination allowed full identification of articular lesions and their clinical correspondences, besides the positive correlation between age, body weight and radiographic score.


Keywords: cattle, infertility, male, overweight, radiology</subfield>
  </datafield>
  <datafield tag="520" ind1=" " ind2=" ">
    <subfield code="a">

RESUMO - Osteoartrite e osteocondrose est&#xE3;o altamente correlacionados &#xE0; falha reprodutiva em touros. Este estudo teve como objetivo avaliar as les&#xF5;es do carpo, tarso e interfalangianas em touros zebu&#xED;nos de corte em regime de coleta de s&#xEA;men. Vinte e um bovinos de corte, touros, provenientes de um total de 41 animais, foram divididos em tr&#xEA;s grupos baseados na idade, sendo eles: animais de dois a quatro anos (GI), de mais de quatro a oito anos (GII) e acima de oito anos de idade (GIII). Os sinais cl&#xED;nicos encontrados foram mudan&#xE7;as de conforma&#xE7;&#xE3;o dos membros, derrame sinovial, ingurgitamento venoso perif&#xE9;rico das articula&#xE7;&#xF5;es e dec&#xFA;bito prolongado. A popula&#xE7;&#xE3;o total avaliada apresentou manifesta&#xE7;&#xE3;o cl&#xED;nica e escore radiogr&#xE1;fico de grau moderado. Os touros mais velhos apresentaram maior gravidade nas les&#xF5;es articulares. O GIII foi o que apresentou as les&#xF5;es articulares mais severas. Identificou-se nos carpos osteofitose de discreta a difusa, cistos subcondrais, &#x201C;flaps&#x201D; cartilaginosos, fragmenta&#xE7;&#xE3;o &#xF3;ssea, perda de congru&#xEA;ncia &#xF3;ssea, oste&#xED;te e anquilose; as les&#xF5;es t&#xE1;rsicas obedeceram ao mesmo padr&#xE3;o. As articula&#xE7;&#xF5;es interfalangeanas apresentaram somente osteofitose, oste&#xED;te nas falanges distais e entesiofitose. O exame radiogr&#xE1;fico digital permitiu a identifica&#xE7;&#xE3;o completa das les&#xF5;es articulares e suas correspond&#xEA;ncias cl&#xED;nicas, al&#xE9;m da correla&#xE7;&#xE3;o positiva entre a idade, o peso corporal e o escore radiol&#xF3;gico.


Palavras-chave: bovinos, infertilidade, sobrepeso, radiologia, machos</subfield>
  </datafield>
  <datafield tag="650" ind1=" " ind2=" ">
    <subfield code="a">GADO ZEBU</subfield>
  </datafield>
  <datafield tag="650" ind1=" " ind2=" ">
    <subfield code="a">TOURO</subfield>
  </datafield>
  <datafield tag="650" ind1=" " ind2=" ">
    <subfield code="a">DOEN&#xC7;A ANIMAL</subfield>
  </datafield>
  <datafield tag="650" ind1=" " ind2=" ">
    <subfield code="a">LES&#xC3;O</subfield>
  </datafield>
  <datafield tag="650" ind1=" " ind2=" ">
    <subfield code="a">DIST&#xDA;RBIO FISIOL&#xD3;GICO</subfield>
  </datafield>
  <datafield tag="650" ind1=" " ind2=" ">
    <subfield code="a">ESTERILIDADE</subfield>
  </datafield>
  <datafield tag="650" ind1=" " ind2=" ">
    <subfield code="a">RADIOGRAFIA</subfield>
  </datafield>
  <datafield tag="773" ind1="0" ind2=" ">
    <subfield code="0">1643</subfield>
    <subfield code="9">316504</subfield>
    <subfield code="d">Belo Horizonte-MG Universidade Federal de Minas Gerais - Escola de Veterinaria 1983</subfield>
    <subfield code="o">2024-2999</subfield>
    <subfield code="t">Arquivo Brasileiro de Medicina Veterin&#xE1;ria e Zootecnia (Brazil)</subfield>
    <subfield code="x">0102-0935</subfield>
    <subfield code="g">v. 69(6) p. 1357-1366; (2017)</subfield>
    <subfield code="w">BR202400</subfield>
  </datafield>
  <datafield tag="856" ind1=" " ind2=" ">
    <subfield code="u">https://www.scielo.br/j/abmvz/a/3j3J4NcQkXNsdgfFFKXBNzv/?format=pdf&amp;lang=en</subfield>
  </datafield>
  <datafield tag="942" ind1=" " ind2=" ">
    <subfield code="c">Anal&#xED;tica</subfield>
  </datafield>
  <datafield tag="999" ind1=" " ind2=" ">
    <subfield code="c">300757</subfield>
    <subfield code="d">300757</subfield>
  </datafield>
</record>
